Guide to Indian periodical literature : (Record no. 137048)

MARC details
000 -LEADER
fixed length control field 00772nam a22002297a 4500
003 - CONTROL NUMBER IDENTIFIER
control field dpl
005 - DATE AND TIME OF LATEST TRANSACTION
control field 20170124110313.0
008 - FIXED-LENGTH DATA ELEMENTS--GENERAL INFORMATION
fixed length control field 161012b xxu||||| |||| 00| 0 eng d
010 ## - LIBRARY OF CONGRESS CONTROL NUMBER
LC control number 806429
035 ## - SYSTEM CONTROL NUMBER
System control number 806429
037 ## - SOURCE OF ACQUISITION
Source of stock number/acquisition Cen Lib / Ret
040 ## - CATALOGING SOURCE
Original cataloging agency DPL
Language of cataloging EN
Transcribing agency TIT
082 ## - DEWEY DECIMAL CLASSIFICATION NUMBER
Classification number 015.3
Item number GUI
245 ## - TITLE STATEMENT
Title Guide to Indian periodical literature :
Remainder of title social sciences and humanities /
260 ## - PUBLICATION, DISTRIBUTION, ETC. (IMPRINT)
Place of publication, distribution, etc Gurgaon
Name of publisher, distributor, etc Indian Documentation Service
270 ## - ADDRESS
Address Indian Documentation Service
City Gurgaon
300 ## - PHYSICAL DESCRIPTION
Extent v 5 pt 1. (xvii, 300) : v10 (various pages)
Dimensions 27cm(Hb)
650 ## - SUBJECT ADDED ENTRY--TOPICAL TERM
Topical term or geographic name as entry element Indic periodicals -- Indexes.
650 ## - SUBJECT ADDED ENTRY--TOPICAL TERM
Topical term or geographic name as entry element Social sciences -- Periodicals -- Indexes.
650 ## - SUBJECT ADDED ENTRY--TOPICAL TERM
Topical term or geographic name as entry element Humanities -- Periodicals -- Indexes.
942 ## - ADDED ENTRY ELEMENTS (KOHA)
Source of classification or shelving scheme Dewey Decimal Classification
Koha item type English Books
Classification part 015.3
Call number suffix GUI
Holdings
Withdrawn status Lost status Materials specified (bound volume or other part) Damaged status Not for loan Home library Current library Date acquired Source of acquisition Cost, normal purchase price Total Checkouts Full call number Barcode Date last seen Copy number Cost, replacement price Price effective from Koha item type Source of classification or shelving scheme
    v 5 pt 1     Central Library Central Library 15/03/2016 Cen Lib/Ret 175.00   015.3 GUI 806429 15/03/2016 1 175.00 27/07/2016 English Books  
    v 10 pt 1     Central Library Central Library 12/10/2016   175.00   015.3 GUI 763207 12/10/2016   175.00 12/10/2016 English Books Dewey Decimal Classification

© Delhi Public Library
Hit Counter
free hit counter